An introduction to applied econometric analysis / (Record no. 387)

MARC details
000 -LEADER
fixed length control field 00729nam a22001817a 4500
008 - FIXED-LENGTH DATA ELEMENTS--GENERAL INFORMATION
fixed length control field 111213t xxu||||| |||| 00| 0 eng d
020 ## - INTERNATIONAL STANDARD BOOK NUMBER
International Standard Book Number 0470968982
050 ## - LIBRARY OF CONGRESS CALL NUMBER
Classification number HB141.W9
100 ## - MAIN ENTRY--PERSONAL NAME
Personal name Wynn, R.F.
245 ## - TITLE STATEMENT
Title An introduction to applied econometric analysis /
Statement of responsibility, etc. R.F. Wynn and K. Holden,
260 ## - PUBLICATION, DISTRIBUTION, ETC.
Place of publication, distribution, etc. New York:
Name of publisher, distributor, etc. John Wiley and Sons,
Date of publication, distribution, etc. c1974.
300 ## - PHYSICAL DESCRIPTION
Extent x, 245 p.
Other physical details ill.
Dimensions 24cm.
500 ## - GENERAL NOTE
General note Includes index.
505 ## - FORMATTED CONTENTS NOTE
Formatted contents note Contents: Introduction -- Investment -- The Production function -- Wage-price models -- Macro-economic models I: The Specification problem and related issues -- Macro-economic models II: The Preparation and analysis of forecasts.
650 ## - SUBJECT ADDED ENTRY--TOPICAL TERM
Topical term or geographic name entry element Econometric.
700 ## - ADDED ENTRY--PERSONAL NAME
Personal name Holden, K.
942 ## - ADDED ENTRY ELEMENTS (KOHA)
Source of classification or shelving scheme Library of Congress Classification
Koha item type Books
Holdings
Withdrawn status Lost status Source of classification or shelving scheme Damaged status Not for loan Home library Current library Shelving location Date acquired Total Checkouts Full call number Barcode Date last seen Price effective from Koha item type
    Library of Congress Classification     WISCONSIN INTERNATIONAL UNIVERSITY COLLEGE, GHANA - MAIN LIBRARY WISCONSIN INTERNATIONAL UNIVERSITY COLLEGE, GHANA - MAIN LIBRARY General Stacks 14/12/2011   HB141.W9 1024/11 14/12/2011 14/12/2011 Books

If you have any concerns or questions; kindly contact the library


© Powered by WIUC ICT DIRECTORATE